Informe de Práctica Supervisada realizado en la Clínica Especialidades Odontológicas Dr. Juan Carlos Coto (Registro nro. 6683)
[ vista simple ]
| 000 -LEADER | |
|---|---|
| fixed length control field | 00535nmm a22001817a 4500 |
| 005 - DATE AND TIME OF LATEST TRANSACTION | |
| control field | 20170209142944.0 |
| 008 - FIXED-LENGTH DATA ELEMENTS--GENERAL INFORMATION | |
| fixed length control field | 150727b xxu||||| |||| 00| 0 spa d |
| 041 ## - LANGUAGE CODE | |
| Language code of text/sound track or separate title | Español |
| 082 ## - DEWEY DECIMAL CLASSIFICATION NUMBER | |
| Classification number | MD 56 |
| 100 ## - MAIN ENTRY--AUTHOR NAME | |
| Personal name | Chinchilla Araya, Kimberly |
| 245 ## - TITLE STATEMENT | |
| Title | Informe de Práctica Supervisada realizado en la Clínica Especialidades Odontológicas Dr. Juan Carlos Coto |
| 260 ## - PUBLICATION, DISTRIBUTION, ETC. (IMPRINT) | |
| Year of publication | 2012 |
| 650 ## - SUBJECT ADDED ENTRY--TOPICAL TERM | |
| Topical Term | COSTA RICA |
| 650 ## - SUBJECT ADDED ENTRY--TOPICAL TERM | |
| Topical Term | MECÁNICA DENTAL |
| 650 ## - SUBJECT ADDED ENTRY--TOPICAL TERM | |
| Topical Term | CORONAS |
| 650 ## - SUBJECT ADDED ENTRY--TOPICAL TERM | |
| Topical Term | ODONTOGRAMA |
| 942 ## - ADDED ENTRY ELEMENTS (KOHA) | |
| Tipo de ítem | Informe de Práctica |
| Withdrawn status | Estado | Estado físico | Not for loan | Precio de compra | Total Checkouts | Clasificación | Número de inscripción | Date last seen | Price effective from | Tipo de ítem |
|---|---|---|---|---|---|---|---|---|---|---|
| 62720.00 | MD 56 | MD56 | 15/02/2016 | 15/02/2016 | Informe de Práctica |